000 00321nam a2200133Ia 4500
005 20251222155154.0
008 251222s9999||||xx |||||||||||||| ||spa||
082 _aEBA.112
100 _aJamieson E.
245 0 _aProcedimientos de enfermerĂ­a clĂ­nica
250 _a5ta. ed.
264 _bEl Sevier Mosby
942 _cLIB
999 _c39673
_d39673